000 00732nam a2200229 a 4500
001 52512
003 BD-RjUL
005 20211209075823.0
008 160921s1967 bg ||||| |||| 00| 0 ben d
020 _c: Tk. 12.50
035 _a(BD-RjUL)52632
040 _aBD-RjUL
_bben
_cBD-RjUL
041 _aben
082 _223
_a891.443
_bMON 1967
100 1 _aমঈনুদ্দীন
_9120698
245 1 0 _aনয়া সড়ক /
_cমঈনুদ্দীন
260 _aঢাকা :
_bবাংলা বাজার,
_c১৯৬৭
300 _a[১৬], ৫৯১ পৃ. ;
_c১৯ সেমি.
650 _aবাংলা উপন্যাস
_9157034
650 _aBengali fiction
_9157035
942 _2ddc
_cBK
999 _c52512
_d52512